000
00334nam a2200133Ia 4500
008
150201s1997 xx 000 0 und d
082
_a
612.1
_b
B97K
100
_a
KHEIN,HARVEY G
245
_a
MOLLIN'S BLOOD TRANSFUSION CLINICAL MEDICINE
250
_a
11TH
260
_b
BLACKWELL
_a
DELHI
_c
1997
650
_a
PATHOLOGY
942
_2
ddc
_c
BK
999
_c
820
_d
820